| 000 | 00877nam a2200265 a 4500 | ||
|---|---|---|---|
| 001 | 51976 | ||
| 003 | BD-RjUL | ||
| 005 | 20211209075734.0 | ||
| 008 | 160905s1964 maua 001 0 eng | ||
| 035 | _a(BD-RjUL) 52096 | ||
| 040 |
_aDLC _cWSU _dOCL _dEQO _dBD-RjUL _beng |
||
| 041 | 1 | _aengger | |
| 082 |
_a620 _223 _bWEC 1964 |
||
| 100 | 1 |
_aWeyl, Hermann, _d1885-1955. _9155431 |
|
| 245 | 1 | 4 |
_aThe concept of a Riemann surface / _cHermann Weyl, Translated by Gerald R. Maclane. |
| 250 | _a3d ed. | ||
| 260 |
_aReading, Mass. : _bAddison-Wesley Pub. Co., _c1964 |
||
| 300 |
_ax, 191 p. : _bill. ; _c24 cm. |
||
| 490 | 1 | _aAdiwes international series in mathematics | |
| 500 | _aIncludes index. | ||
| 650 | 0 |
_aRiemann surfaces. _9151000 |
|
| 700 |
_aTranslated by Maclane, Gerald R. _9155432 |
||
| 830 | 0 |
_aAdiwes international series in mathematics _9154049 |
|
| 942 |
_2ddc _cBK |
||
| 999 |
_c51976 _d51976 |
||